000
00247nam a2200097Ia 4500
005
20251222114342.0
008
251222s1900||||xx |||||||||||||| ||spa||
082
_a
DVD0120/L54/1983/T.2/Ej.2
245
0
_a
Centennial gala:Gala del centenario
942
_c
DVD
999
_c
902
_d
902